000 00934cam a2200289 a 4500
020 _a0618144757
020 _a9780618144754
040 _cDLC
082 _a939 HOU 2002 A100 Or.
100 1 _aLapatin, Kenneth D. S.
245 1 0 _aMysteries of the snake goddess :
_bart, desire, and the forging of history /
260 _aBoston :
_bHoughton Mifflin,
_c2002.
300 _ax, 274 p. :
_bill., map ;
_c22 cm.
650 0 _aSculpture, Minoan.
650 0 _aExcavations (Archaeology)
650 0 _aForgery of antiquities
650 0 _aCultural property
650 0 _aGoddesses in art.
650 0 _aAntiquities
700 1 _aEvans, Arthur,
700 1 _aSeager, Richard B.
700 1 _aFairbanks, Arthur,
710 2 _aMuseum of Fine Arts, Boston.
856 4 2 _uhttp://www.loc.gov/catdir/description/hm021/2001051892.html
856 4 2 _uhttp://www.loc.gov/catdir/enhancements/fy0736/2001051892-b.html
942 _cEK
999 _c13095
_d13095